[Event "New York op"]
[Site "New York"]
[Date "1983.??.??"]
[Round "4"]
[White "Ivanov, Igor V"]
[Black "Rohde, Michael"]
[Result "1-0"]
[WhiteElo "2530"]
[BlackElo "2430"]
[PlyCount "63"]
[GameId "1111785877307392"]
[EventDate "1983.03.30"]
[EventType "swiss"]
[EventRounds "8"]
[EventCountry "USA"]
[SourceTitle "EXT 2000"]
[Source "ChessBase"]
[SourceDate "1999.11.18"]
[SourceVersion "1"]
[SourceVersionDate "1999.11.18"]
[SourceQuality "1"]

1. c4 Nf6 2. Nc3 d5 3. cxd5 Nxd5 4. Nf3 g6 5. Qa4+ Bd7 6. Qh4 Nf6 7. e4 c5 8. e5 Nh5 9. Qc4 Nc6 10. Qxc5 e6 11. Qc4 Nb4 12. Qb3 Bc6 13. d4 Bxf3 14. gxf3 Qxd4 15. a3 Qxe5+ 16. Be3 Bc5 17. axb4 Bxe3 18. fxe3 Qxe3+ 19. Be2 Nf4 20. Qc4 O-O 21. Qe4 Ng2+ 22. Kf1 Qxe4 23. fxe4 Ne3+ 24. Kf2 Nc2 25. Ra4 a6 26. Rc1 Nd4 27. b5 Nb3 28. Rd1 axb5 29. Rb4 Nc5 30. Rxb5 Rac8 31. Ke3 Kg7 32. e5 1-0

[Event "New York op"]
[Site "New York"]
[Date "1983.??.??"]
[Round "5"]
[White "Henley, Ron"]
[Black "Ivanov, Igor V"]
[Result "1/2-1/2"]
[WhiteElo "2525"]
[BlackElo "2530"]
[PlyCount "114"]
[GameId "1111785877336064"]
[EventDate "1983.03.30"]
[EventType "swiss"]
[EventRounds "8"]
[EventCountry "USA"]
[SourceTitle "EXT 2000"]
[Source "ChessBase"]
[SourceDate "1999.11.18"]
[SourceVersion "1"]
[SourceVersionDate "1999.11.18"]
[SourceQuality "1"]

1. d4 Nf6 2. c4 g6 3. Nc3 Bg7 4. e4 d6 5. Be2 O-O 6. Nf3 e5 7. O-O Nc6 8. d5 Ne7 9. b4 Nh5 10. c5 Nf4 11. Bxf4 exf4 12. Rc1 h6 13. h3 a5 14. Qb3 g5 15. Nb5 axb4 16. cxd6 cxd6 17. Rc7 Bd7 18. Rxb7 Bxb5 19. Bxb5 Ng6 20. Bc6 Ra3 21. Qxb4 Rxf3 22. gxf3 Ne5 23. Kg2 h5 24. Rg1 g4 25. hxg4 hxg4 26. fxg4 Qh4 27. Qb3 f3+ 28. Kf1 Bh6 29. g5 Bxg5 30. Ke1 Kg7 31. Qe3 Kh6 32. Rxg5 Qxg5 33. Qxg5+ Kxg5 34. a4 Rh8 35. Kd2 Rh2 36. Ke3 Rh1 37. Bb5 Ra1 38. Rc7 Ra3+ 39. Kd2 Kf4 40. Kc2 Ra2+ 41. Kb3 Rxf2 42. a5 Rg2 43. Rc8 f2 44. a6 Rg3+ 45. Kb4 Nd3+ 46. Bxd3 Rxd3 47. Rf8 Ke3 48. Rxf7 Rd1 49. e5 dxe5 50. Kc5 f1=Q 51. Rxf1 Rxf1 52. a7 Rf8 53. d6 e4 54. d7 Kf2 55. Kd6 Ra8 56. Kc6 e3 57. Kb7 Rd8 {source: bulletin} 1/2-1/2

[Event "New York op"]
[Site "New York"]
[Date "1983.??.??"]
[Round "6"]
[White "Ivanov, Igor V"]
[Black "Spraggett, Kevin"]
[Result "1/2-1/2"]
[WhiteElo "2530"]
[BlackElo "2495"]
[PlyCount "116"]
[GameId "1111785877360640"]
[EventDate "1983.03.30"]
[EventType "swiss"]
[EventRounds "8"]
[EventCountry "USA"]
[SourceTitle "EXT 2000"]
[Source "ChessBase"]
[SourceDate "1999.11.18"]
[SourceVersion "1"]
[SourceVersionDate "1999.11.18"]
[SourceQuality "1"]

1. Nf3 Nf6 2. c4 g6 3. g3 Bg7 4. Bg2 O-O 5. O-O d5 6. cxd5 Nxd5 7. d4 Nb6 8. Nc3 Nc6 9. d5 Na5 10. e4 c6 11. Bg5 h6 12. Bf4 Nac4 13. b3 g5 14. bxc4 gxf4 15. Qb3 fxg3 16. hxg3 cxd5 17. cxd5 Bg4 18. Rac1 Rc8 19. Nb5 Bxf3 20. Bxf3 a6 21. Na3 Qd6 22. Bg4 Rc5 23. Kg2 Ra5 24. Nc4 Nxc4 25. Rxc4 Rb5 26. Qd3 e6 27. Bf3 exd5 28. exd5 Rb2 29. Rb1 Rxb1 30. Qxb1 Qd7 31. Qc1 Qd6 32. Rc7 Rb8 33. Qc2 Be5 34. Rc8+ Rxc8 35. Qxc8+ Kg7 36. Qxb7 Bf6 37. Qb3 Bd8 38. Qd3 a5 39. Qf5 Bf6 40. Be4 Kf8 41. f4 Qa6 42. Bd3 Qb6 43. Kf3 Qd4 44. Kg4 Qa1 45. Be4 Qd4 46. d6 Qd1+ 47. Kh3 Qxd6 48. Qxa5 Qe6+ 49. Qf5 Qxf5+ 50. Bxf5 Ke7 51. a4 Bc3 52. Bg4 Be1 53. Kg2 Kd6 54. Kf3 Kd5 55. Bh5 Ke6 56. g4 f6 57. Ke4 Bd2 58. Be8 Kd6 {source: bulletin} 1/2-1/2

[Event "New York op"]
[Site "New York"]
[Date "1983.??.??"]
[Round "8"]
[White "Ivanov, Igor V"]
[Black "Browne, Walter"]
[Result "0-1"]
[WhiteElo "2530"]
[BlackElo "2540"]
[PlyCount "67"]
[GameId "1111785877422080"]
[EventDate "1983.03.30"]
[EventType "swiss"]
[EventRounds "8"]
[EventCountry "USA"]
[SourceTitle "EXT 2000"]
[Source "ChessBase"]
[SourceDate "1999.11.18"]
[SourceVersion "1"]
[SourceVersionDate "1999.11.18"]
[SourceQuality "1"]

1. d4 Nf6 2. c4 e6 3. Nf3 b6 4. a3 Ba6 5. Nbd2 d5 6. cxd5 exd5 7. Ne5 Bd6 8. Qa4+ c6 9. Ndf3 Ne4 10. Bf4 f6 11. Nd3 Bxd3 12. exd3 Bxf4 13. dxe4 dxe4 14. Ng1 O-O 15. Ne2 Bh6 16. g3 f5 17. Bg2 Qd6 18. O-O Nd7 19. Rad1 Nf6 20. Nc3 Nd5 21. Rfe1 Kh8 22. Nxd5 cxd5 23. Re2 f4 24. Rc2 e3 25. fxe3 fxg3 26. Qb3 gxh2+ 27. Kh1 Rad8 28. Re2 Bg5 29. e4 dxe4 30. Bxe4 Bf4 31. Qh3 g6 32. Rg2 Rf6 33. Rf1 Rdf8 34. Qd3 0-1

[Event "Marshall International-06"]
[Site "New York"]
[Date "1983.??.??"]
[Round "7"]
[White "Ivanov, Igor V"]
[Black "Shamkovich, Leonid"]
[Result "1/2-1/2"]
[WhiteElo "2530"]
[BlackElo "2480"]
[PlyCount "88"]
[GameId "1114898451525632"]
[EventDate "1983.04.08"]
[EventType "swiss"]
[EventRounds "11"]
[EventCountry "USA"]
[SourceTitle "EXT 2000"]
[Source "ChessBase"]
[SourceDate "1999.11.18"]
[SourceVersion "1"]
[SourceVersionDate "1999.11.18"]
[SourceQuality "1"]

1. g3 d5 2. Nf3 g6 3. Bg2 Bg7 4. d4 Nf6 5. c4 O-O 6. O-O c6 7. cxd5 cxd5 8. Ne5 Nc6 9. Nc3 e6 10. Bg5 h6 11. Bxf6 Bxf6 12. Nxc6 bxc6 13. Qd2 Bg7 14. Rac1 Qa5 15. Rfd1 Rd8 16. a3 Rb8 17. Na2 Qa4 18. Nb4 Rb6 19. e3 Ba6 20. Bf1 Bxf1 21. Rxf1 Bf8 22. Nd3 Rdb8 23. Rc3 Rb3 24. Rfc1 Rxc3 25. Rxc3 Rb6 26. Qc2 Qxc2 27. Rxc2 Bd6 28. b4 Kf8 29. a4 Bxb4 30. Ne5 Ra6 31. Rxc6 Rxc6 32. Nxc6 a5 33. Kf1 Bc3 34. g4 f6 35. h4 Ke8 36. h5 gxh5 37. gxh5 Kd7 38. Na7 Bb4 39. Ke2 e5 40. Nb5 e4 41. f3 f5 42. Kf1 Ke6 43. Kf2 Bd2 44. Nc7+ Kd6 {source: bulletin} 1/2-1/2

[Event "US Open-84"]
[Site "Pasadena"]
[Date "1983.08.12"]
[Round "6"]
[White "Root, Douglas"]
[Black "Ivanov, Igor V"]
[Result "0-1"]
[WhiteElo "2395"]
[BlackElo "2530"]
[PlyCount "54"]
[GameId "1107656859574272"]
[EventDate "1983.08.07"]
[EventType "swiss"]
[EventRounds "12"]
[EventCountry "USA"]
[SourceTitle "EXT 2015"]
[Source "ChessBase"]
[SourceDate "2014.11.20"]
[SourceVersion "1"]
[SourceVersionDate "2014.11.20"]
[SourceQuality "1"]

1. e4 c5 2. b3 Nc6 3. Bb2 d6 4. f4 Nf6 5. Nc3 g6 6. Bb5 Bg7 7. Bxc6+ bxc6 8. Qe2 O-O 9. O-O-O a5 10. Na4 Rb8 11. d3 Bh6 12. g3 e5 13. Rf1 exf4 14. Kb1 Nh5 15. Bc1 Rb4 16. Nb2 a4 17. c3 Rb7 18. Nxa4 Qa5 19. Kc2 c4 20. dxc4 Re8 21. g4 Nf6 22. Bxf4 Bg7 23. h3 Rxe4 24. Qd2 Rxc4 25. bxc4 Qxa4+ 26. Kd3 Be6 27. Re1 Qxc4+ 0-1

[Event "US Open-84"]
[Site "Pasadena"]
[Date "1983.08.14"]
[Round "7"]
[White "Ivanov, Igor V"]
[Black "Kortschnoj, Viktor Lvovich"]
[Result "1/2-1/2"]
[WhiteElo "2530"]
[BlackElo "2600"]
[PlyCount "64"]
[GameId "1114898472865792"]
[EventDate "1983.08.07"]
[EventType "swiss"]
[EventRounds "12"]
[EventCountry "USA"]
[SourceTitle "EXT 2015"]
[Source "ChessBase"]
[SourceDate "2014.11.20"]
[SourceVersion "1"]
[SourceVersionDate "2014.11.20"]
[SourceQuality "1"]

1. d4 Nf6 2. Nf3 e6 3. c4 b6 4. e3 Bb7 5. Bd3 c5 6. O-O Be7 7. Nbd2 Nc6 8. b3 cxd4 9. exd4 d5 10. Bb2 O-O 11. Rc1 Rc8 12. Qe2 Re8 13. Rfd1 Bf8 14. h3 g6 15. Qe3 Bg7 16. Ne5 dxc4 17. bxc4 Qc7 18. Ndf3 Nxe5 19. Nxe5 Qe7 20. Be2 Red8 21. Bf3 Ne8 22. Ba3 Qc7 23. c5 Bxf3 24. cxb6 Qb7 25. Qxf3 Qxf3 26. Nxf3 axb6 27. Be7 Rxc1 28. Rxc1 Rd7 29. Bg5 Rc7 30. Rb1 Rb7 31. a4 Nd6 32. Bd8 b5 1/2-1/2

[Event "US Open-84"]
[Site "Pasadena"]
[Date "1983.08.15"]
[Round "8"]
[White "Watson, John"]
[Black "Ivanov, Igor V"]
[Result "0-1"]
[WhiteElo "2420"]
[BlackElo "2530"]
[PlyCount "76"]
[GameId "1107656859709440"]
[EventDate "1983.08.07"]
[EventType "swiss"]
[EventRounds "12"]
[EventCountry "USA"]
[SourceTitle "EXT 2015"]
[Source "ChessBase"]
[SourceDate "2014.11.20"]
[SourceVersion "1"]
[SourceVersionDate "2014.11.20"]
[SourceQuality "1"]

1. c4 c6 2. e4 d5 3. exd5 cxd5 4. d4 Nf6 5. Nc3 Nc6 6. Bg5 Qa5 7. Bxf6 exf6 8. a3 dxc4 9. Bxc4 Bd6 10. d5 Ne5 11. Bb5+ Kf8 12. Nge2 a6 13. Bd3 f5 14. O-O Qd8 15. Nd4 g6 16. Be2 h5 17. Qd2 Bd7 18. Rad1 Qh4 19. g3 Qf6 20. h4 Re8 21. f4 Ng4 22. Bxg4 hxg4 23. b4 Kg7 24. Rfe1 Rc8 25. Rc1 Bb8 26. Kg2 Rhd8 27. Red1 Re8 28. Nb3 Rcd8 29. Kh2 Bc8 30. Re1 Rh8 31. Nc5 b6 32. Nd3 Qd4 33. Re7 g5 34. Ne2 Qf6 35. d6 Bxd6 36. Ra7 gxh4 37. Rc6 hxg3+ 38. Kg1 b5 0-1

[Event "US Open-84"]
[Site "Pasadena"]
[Date "1983.08.16"]
[Round "9"]
[White "De Firmian, Nick E"]
[Black "Ivanov, Igor V"]
[Result "0-1"]
[WhiteElo "2475"]
[BlackElo "2530"]
[PlyCount "94"]
[GameId "1107656859729920"]
[EventDate "1983.08.07"]
[EventType "swiss"]
[EventRounds "12"]
[EventCountry "USA"]
[SourceTitle "EXT 2015"]
[Source "ChessBase"]
[SourceDate "2014.11.20"]
[SourceVersion "1"]
[SourceVersionDate "2014.11.20"]
[SourceQuality "1"]

1. e4 e5 2. Nf3 Nc6 3. Bb5 a6 4. Ba4 Nf6 5. O-O Be7 6. Re1 b5 7. Bb3 O-O 8. c3 d6 9. h3 h6 10. d4 Re8 11. Nbd2 Bf8 12. Bc2 Bd7 13. Nf1 g6 14. Ng3 Bg7 15. Be3 Qe7 16. Qd2 Kh7 17. b3 Reb8 18. Rad1 a5 19. d5 Nd8 20. Nh2 b4 21. c4 Ng8 22. f3 a4 23. Qf2 axb3 24. axb3 c5 25. f4 f6 26. f5 g5 27. Rd2 Be8 28. Bd1 Ra1 29. Bh5 Rba8 30. Bxe8 Qxe8 31. Rxa1 Rxa1+ 32. Nhf1 Ra3 33. Rd3 h5 34. Qe2 h4 35. Nh1 Bf8 36. Nf2 Kg7 37. Ng4 Kf7 38. Nfh2 Ke7 39. Nf3 Nf7 40. Kh2 Ngh6 41. Nxh6 Bxh6 42. Ne1 Qa8 43. Nc2 Ra2 44. Rd2 Rb2 45. Nxb4 Rxd2 46. Qxd2 cxb4 47. c5 Qa5 {White lost on time.} 0-1

[Event "US Open-84"]
[Site "Pasadena"]
[Date "1983.08.18"]
[Round "11"]
[White "Ivanov, Igor V"]
[Black "Fedorowicz, John"]
[Result "1/2-1/2"]
[WhiteElo "2530"]
[BlackElo "2430"]
[PlyCount "79"]
[GameId "1107656859852800"]
[EventDate "1983.08.07"]
[EventType "swiss"]
[EventRounds "12"]
[EventCountry "USA"]
[SourceTitle "EXT 2015"]
[Source "ChessBase"]
[SourceDate "2014.11.20"]
[SourceVersion "1"]
[SourceVersionDate "2014.11.20"]
[SourceQuality "1"]

1. d4 Nf6 2. c4 e6 3. Nf3 b6 4. g3 Ba6 5. b3 Bb4+ 6. Bd2 Be7 7. Bg2 d5 8. O-O O-O 9. Ne5 Bb7 10. Nc3 Na6 11. cxd5 exd5 12. Nd3 Re8 13. Rc1 Ne4 14. Na4 Bf6 15. e3 Qe7 16. Bc3 Nxc3 17. Nxc3 c6 18. Qc2 Rad8 19. Rfd1 Nc7 20. b4 Ne6 21. Qa4 Ba8 22. Qb3 Qd6 23. Ne2 Rc8 24. Ndf4 Nxf4 25. Nxf4 Bg5 26. Nd3 Red8 27. Rc3 Bb7 28. Rdc1 a6 29. Nb2 Rb8 30. Na4 Ba8 31. Bf1 Be7 32. Bxa6 Qxb4 33. Qxb4 Bxb4 34. Rb3 Ba5 35. Rcb1 b5 36. Nc5 Bc7 37. Kg2 Kf8 38. a4 Bd6 39. axb5 Bxc5 40. bxc6 1/2-1/2

[Event "New York Kavkasian"]
[Site "New York"]
[Date "1983.09.??"]
[Round "?"]
[White "Alburt, Lev"]
[Black "Ivanov, Igor V"]
[Result "1-0"]
[WhiteElo "2560"]
[BlackElo "2530"]
[PlyCount "67"]
[GameId "1114898482221056"]
[EventDate "1983.09.21"]
[EventType "tourn"]
[EventRounds "15"]
[EventCountry "USA"]
[EventCategory "10"]
[SourceTitle "MCD"]
[Source "ChessBase"]
[SourceVersion "1"]
[SourceQuality "1"]

1. d4 Nf6 2. c4 e6 3. g3 c5 4. d5 exd5 5. cxd5 b5 6. Bg2 d6 7. b4 cxb4 8. a3 b3 9. Qxb3 a6 10. a4 bxa4 11. Qxa4+ Nbd7 12. Nf3 Be7 13. Nd4 O-O 14. Nc6 Qe8 15. Be3 Bd8 16. Nxd8 Qxd8 17. Qc6 Rb8 18. Qxd6 Re8 19. Nc3 Bb7 20. O-O Rc8 21. Rfb1 Rxc3 22. Rxb7 Rc2 23. Qxa6 Rxe3 24. fxe3 h5 25. Ra7 Qe7 26. Qd3 Qc5 27. Ra8+ Nf8 28. Qa3 Qxa3 29. R8xa3 Rxe2 30. Bf3 Rb2 31. Ra8 g5 32. e4 N6d7 33. Bxh5 Ne5 34. Re8 1-0

[Event "Philadelphia op"]
[Site "Philadelphia"]
[Date "1984.??.??"]
[Round "?"]
[White "Ivanov, Igor V"]
[Black "Farago, Ivan"]
[Result "1/2-1/2"]
[WhiteElo "2550"]
[BlackElo "2525"]
[PlyCount "105"]
[GameId "1114898517516288"]
[EventDate "1984.??.??"]
[EventType "swiss"]
[EventRounds "9"]
[EventCountry "USA"]
[SourceTitle "EXT 2010"]
[Source "ChessBase"]
[SourceDate "2009.11.30"]
[SourceVersion "1"]
[SourceVersionDate "2009.11.30"]
[SourceQuality "1"]

1. d4 Nf6 2. c4 e6 3. Nf3 b6 4. Nc3 Bb4 5. Qb3 a5 6. Bg5 Bb7 7. e3 h6 8. Bxf6 Qxf6 9. Be2 O-O 10. O-O Bxc3 11. Qxc3 d6 12. Nd2 Nd7 13. f4 Qe7 14. Bf3 Bxf3 15. Rxf3 e5 16. fxe5 dxe5 17. d5 f5 18. Raf1 g6 19. Rh3 Kh7 20. Nf3 Rae8 21. Qc2 Nc5 22. Nh4 e4 23. Qc3 Nd3 24. Nf3 exf3 25. Qxd3 fxg2 26. Rf4 Qe5 27. Rfh4 h5 28. Qd4 Qxd4 29. Rxd4 f4 30. Rxf4 Rxf4 31. exf4 Re2 32. b3 Rxa2 33. Re3 Kg7 34. Re7+ Kf6 35. Rxc7 Kf5 36. Rc6 Rb2 37. h3 h4 38. Re6 Rxb3 39. Kxg2 a4 40. Re7 a3 41. d6 Kxf4 42. Ra7 Rg3+ 43. Kh2 Rd3 44. d7 Rd2+ 45. Kg1 g5 46. Ra4 Kf5 47. Rxa3 Rxd7 48. Rb3 Rd1+ 49. Kg2 Rd2+ 50. Kg1 Rd6 51. Rb5+ Kf4 52. c5 bxc5 53. Rxc5 1/2-1/2

[Event "Anaheim Labate"]
[Site "Anaheim"]
[Date "1984.02.??"]
[Round "1"]
[White "Ivanov, Igor V"]
[Black "Youngworth, Perry"]
[Result "0-1"]
[WhiteElo "2550"]
[BlackElo "2330"]
[PlyCount "96"]
[GameId "1114898527289344"]
[EventDate "1984.02.??"]
[EventType "tourn"]
[EventRounds "11"]
[EventCountry "USA"]
[EventCategory "6"]
[SourceTitle "EXT 2012"]
[Source "ChessBase"]
[SourceDate "2011.11.24"]
[SourceVersion "1"]
[SourceVersionDate "2011.11.24"]
[SourceQuality "1"]

1. d4 d5 2. c4 c6 3. cxd5 cxd5 4. Nc3 Nc6 5. Bf4 Nf6 6. e3 e6 7. Nf3 Be7 8. Bd3 O-O 9. Rc1 a6 10. O-O Nh5 11. Be5 f6 12. Bg3 Nxg3 13. hxg3 f5 14. Na4 Bd6 15. Nc5 g5 16. a3 g4 17. Nd2 h5 18. f4 gxf3 19. Rxf3 Qg5 20. Nf1 Rf7 21. Be2 Rg7 22. Nd3 h4 23. Nf4 Bxf4 24. exf4 Qf6 25. gxh4 Qxh4 26. Rcc3 Bd7 27. Qd2 Qf6 28. Rcd3 Rh7 29. Rg3+ Kf7 30. Nh2 Rah8 31. Nf3 Rh1+ 32. Kf2 Ke8 33. Rb3 b5 34. a4 bxa4 35. Rb6 Qd8 36. Rxa6 Qb8 37. Rxc6 Bxc6 38. Ne5 Qb6 39. Qc3 Bb7 40. Qc5 Qxc5 41. dxc5 Rb1 42. Bb5+ Kd8 43. Bxa4 Rxb2+ 44. Ke3 d4+ 45. Kxd4 Rb4+ 46. Kc3 Rxa4 47. Nf7+ Ke7 48. Nxh8 Ra3+ 0-1

[Event "Anaheim Labate"]
[Site "Anaheim"]
[Date "1984.02.??"]
[Round "3"]
[White "Ivanov, Igor V"]
[Black "Remlinger, Larry"]
[Result "1-0"]
[WhiteElo "2550"]
[BlackElo "2380"]
[PlyCount "105"]
[GameId "1114898527338496"]
[EventDate "1984.02.??"]
[EventType "tourn"]
[EventRounds "11"]
[EventCountry "USA"]
[EventCategory "6"]
[SourceTitle "EXT 2012"]
[Source "ChessBase"]
[SourceDate "2011.11.24"]
[SourceVersion "1"]
[SourceVersionDate "2011.11.24"]
[SourceQuality "1"]

1. e4 c6 2. c4 d5 3. exd5 cxd5 4. cxd5 Nf6 5. Nc3 Nxd5 6. Nf3 Nc6 7. d4 e6 8. Bd3 Be7 9. O-O O-O 10. Re1 Bf6 11. Be4 Nce7 12. Qd3 g6 13. Bh6 Bg7 14. Qd2 Nf6 15. Rac1 Nxe4 16. Nxe4 b6 17. Bxg7 Kxg7 18. Qf4 Nd5 19. Qe5+ f6 20. Qg3 Bd7 21. Nd6 a6 22. Nd2 Ra7 23. N2e4 g5 24. h4 h6 25. Nc3 Nf4 26. Ne2 Ng6 27. hxg5 fxg5 28. Nc4 Bb5 29. Ne5 Nf4 30. Nc3 Be8 31. Red1 Rc7 32. Qe3 Nd5 33. Nxd5 exd5 34. Re1 Bh5 35. Qh3 Rxc1 36. Rxc1 Be8 37. Rc8 Qd6 38. Ra8 a5 39. Ra7+ Kg8 40. Qd3 Bf7 41. Qf5 Qe6 42. Nxf7 Qxf5 43. Nxh6+ Kh8 44. Nxf5 Rxf5 45. Rd7 Kg8 46. Kf1 Kf8 47. Ke2 Ke8 48. Rd6 b5 49. g4 Rf4 50. Rxd5 Rxg4 51. Rxb5 a4 52. Rb4 a3 53. bxa3 1-0

[Event "Anaheim Labate"]
[Site "Anaheim"]
[Date "1984.02.??"]
[Round "4"]
[White "Ivanov, Igor V"]
[Black "Micayabas, Marlo"]
[Result "1-0"]
[WhiteElo "2550"]
[BlackElo "2325"]
[PlyCount "103"]
[GameId "1114898527363072"]
[EventDate "1984.02.??"]
[EventType "tourn"]
[EventRounds "11"]
[EventCountry "USA"]
[EventCategory "6"]
[SourceTitle "EXT 2012"]
[Source "ChessBase"]
[SourceDate "2011.11.24"]
[SourceVersion "1"]
[SourceVersionDate "2011.11.24"]
[SourceQuality "1"]

1. d4 Nf6 2. c4 g6 3. Nc3 Bg7 4. e4 d6 5. Nf3 O-O 6. h3 e5 7. d5 Na6 8. Bg5 h6 9. Be3 Nh5 10. Nd2 Qe8 11. Qb3 f5 12. f3 f4 13. Bf2 Kh7 14. O-O-O Qe7 15. Nb5 Bd7 16. Nxa7 Rfb8 17. Nb5 Bf6 18. Kb1 Bh4 19. Ba7 Rc8 20. Bg1 Bg3 21. Nc3 b6 22. Qc2 Nb4 23. Qc1 Qh4 24. a3 Na6 25. b4 Bf2 26. Nb3 Bxg1 27. Rxg1 Ra7 28. Nb5 Raa8 29. Bd3 Qe7 30. Qd2 Rcb8 31. Kb2 Rb7 32. Ra1 Rbb8 33. Rgc1 Ng7 34. Bf1 Nh5 35. Rd1 Nf6 36. Nc3 Rb7 37. Bd3 Nh5 38. Ra2 Ng7 39. Rda1 Qe8 40. Nb5 Qb8 41. a4 c5 42. dxc6 Bxc6 43. Bf1 Rd7 44. a5 bxa5 45. Rxa5 Bb7 46. R1a4 Rd8 47. Qf2 Rc8 48. Nc3 Ne6 49. Qh4 Qc7 50. Qf6 Qb6 51. Qxe6 Qf2+ 52. Be2 1-0

[Event "Anaheim Labate"]
[Site "Anaheim"]
[Date "1984.02.??"]
[Round "5"]
[White "Strauss, David"]
[Black "Ivanov, Igor V"]
[Result "1/2-1/2"]
[WhiteElo "2410"]
[BlackElo "2550"]
[PlyCount "104"]
[GameId "1114898527399936"]
[EventDate "1984.02.??"]
[EventType "tourn"]
[EventRounds "11"]
[EventCountry "USA"]
[EventCategory "6"]
[SourceTitle "EXT 2012"]
[Source "ChessBase"]
[SourceDate "2011.11.24"]
[SourceVersion "1"]
[SourceVersionDate "2011.11.24"]
[SourceQuality "1"]

1. Nf3 Nf6 2. c4 g6 3. Nc3 Bg7 4. e4 d6 5. d4 O-O 6. Be2 Bg4 7. Be3 Nc6 8. d5 Bxf3 9. Bxf3 Ne5 10. Be2 c6 11. O-O cxd5 12. cxd5 Qa5 13. f3 Rfc8 14. Qb3 Nfd7 15. Rfc1 Nc5 16. Qd1 Qb4 17. Nb5 a6 18. Bd2 Qxb2 19. Bc3 Qxc1 20. Rxc1 axb5 21. Qd2 Na4 22. Ba1 Nc4 23. Bxc4 Bxa1 24. Bxb5 Bc3 25. Qe3 Bb4 26. Bxa4 Rxc1+ 27. Qxc1 Bc5+ 28. Kh1 Rxa4 29. Qc2 b5 30. h4 h5 31. Kh2 Rd4 32. Kh3 Kg7 33. Qe2 b4 34. Kg3 Kf6 35. Kh3 e5 36. dxe6 Kxe6 37. Qb5 Rd1 38. Qe8+ Kf6 39. Qh8+ Ke7 40. e5 Rh1+ 41. Kg3 Re1 42. Qf6+ Ke8 43. exd6 Re6 44. d7+ Kxd7 45. Qxf7+ Be7 46. Kh3 Rf6 47. Qd5+ Bd6 48. g3 Ke7 49. Qb7+ Kf8 50. f4 Be7 51. Kg2 Rf5 52. Qc8+ Kf7 1/2-1/2

[Event "Anaheim Labate"]
[Site "Anaheim"]
[Date "1984.02.??"]
[Round "6"]
[White "Ivanov, Igor V"]
[Black "Root, Douglas"]
[Result "0-1"]
[WhiteElo "2550"]
[BlackElo "2370"]
[PlyCount "104"]
[GameId "1114898527412224"]
[EventDate "1984.02.??"]
[EventType "tourn"]
[EventRounds "11"]
[EventCountry "USA"]
[EventCategory "6"]
[SourceTitle "EXT 2012"]
[Source "ChessBase"]
[SourceDate "2011.11.24"]
[SourceVersion "1"]
[SourceVersionDate "2011.11.24"]
[SourceQuality "1"]

1. Nf3 Nf6 2. c4 g6 3. Nc3 Bg7 4. e4 d6 5. d4 O-O 6. Be2 e5 7. O-O Nc6 8. d5 Ne7 9. Ne1 Nd7 10. Nd3 f5 11. f3 f4 12. Bd2 g5 13. Rc1 Rf7 14. c5 dxc5 15. Na4 b6 16. b4 c4 17. Nf2 b5 18. Nc3 a6 19. a4 Rb8 20. axb5 axb5 21. d6 cxd6 22. Nxb5 Rxb5 23. Bxc4 Rb8 24. Qb3 Qe8 25. Bxf7+ Qxf7 26. Qxf7+ Kxf7 27. Rc7 d5 28. Rfc1 Nf6 29. Nd3 Ne8 30. R7c5 Ba6 31. Nf2 d4 32. Ng4 Nd6 33. Ra1 Bb5 34. Ra7 Ke6 35. h4 gxh4 36. Be1 h5 37. Nxe5 Ndc8 38. Ra5 Bxe5 39. Raxb5 Rxb5 40. Rxb5 d3 41. Kf1 Nd6 42. Rb6 Kd7 43. Bxh4 Nc6 44. Bf2 Nd4 45. Ke1 Nc4 46. Bxd4 Bxd4 47. Rb5 Bc3+ 48. Kf2 Ne3 49. Rxh5 d2 50. Rh1 d1=Q 51. Rxd1+ Nxd1+ 52. Ke2 Nb2 0-1

[Event "Anaheim Labate"]
[Site "Anaheim"]
[Date "1984.02.??"]
[Round "7"]
[White "Lucky, David N"]
[Black "Ivanov, Igor V"]
[Result "0-1"]
[WhiteElo "2270"]
[BlackElo "2550"]
[PlyCount "36"]
[GameId "1114898527432704"]
[EventDate "1984.02.??"]
[EventType "tourn"]
[EventRounds "11"]
[EventCountry "USA"]
[EventCategory "6"]
[SourceTitle "EXT 2012"]
[Source "ChessBase"]
[SourceDate "2011.11.24"]
[SourceVersion "1"]
[SourceVersionDate "2011.11.24"]
[SourceQuality "1"]

1. e4 c5 2. Nf3 d6 3. d4 cxd4 4. Nxd4 Nf6 5. Nc3 Nc6 6. Bc4 e6 7. Bb3 Be7 8. Be3 O-O 9. Qe2 Bd7 10. O-O-O Rc8 11. Rhg1 Na5 12. g4 Rxc3 13. bxc3 Nxe4 14. Bd2 d5 15. f4 Qc7 16. Kb2 b5 17. g5 Rb8 18. f5 Nc4+ 0-1

[Event "Anaheim Labate"]
[Site "Anaheim"]
[Date "1984.02.??"]
[Round "8"]
[White "Ivanov, Igor V"]
[Black "Beelby, Matthew A"]
[Result "0-1"]
[WhiteElo "2550"]
[BlackElo "2215"]
[PlyCount "82"]
[GameId "1114898527457280"]
[EventDate "1984.02.??"]
[EventType "tourn"]
[EventRounds "11"]
[EventCountry "USA"]
[EventCategory "6"]
[SourceTitle "EXT 2012"]
[Source "ChessBase"]
[SourceDate "2011.11.24"]
[SourceVersion "1"]
[SourceVersionDate "2011.11.24"]
[SourceQuality "1"]

1. e4 e5 2. Nf3 Nc6 3. Bb5 a6 4. Ba4 Nf6 5. O-O Be7 6. Re1 b5 7. Bb3 d6 8. c3 O-O 9. h3 Na5 10. Bc2 c5 11. d4 Qc7 12. Nbd2 cxd4 13. cxd4 Nc6 14. Nb3 a5 15. Be3 a4 16. Nbd2 Nb4 17. Bb1 Ba6 18. a3 Nc6 19. d5 Na5 20. Bd3 Rfc8 21. Qe2 Qb7 22. Reb1 Nc4 23. b3 Nxe3 24. Qxe3 axb3 25. Nxb3 Bd8 26. Ne1 Rc3 27. Qe2 b4 28. axb4 Bxd3 29. Rxa8 Qxa8 30. Nxd3 Qa6 31. Nbc1 Qc4 32. f3 Bb6+ 33. Kh2 Rc2 34. Qf1 Nh5 35. Qd1 Be3 36. b5 Bf4+ 37. Nxf4 Nxf4 38. Ne2 Nxe2 39. b6 Nf4 40. b7 Rxg2+ 41. Kh1 Rh2+ 0-1

[Event "Anaheim Labate"]
[Site "Anaheim"]
[Date "1984.02.??"]
[Round "10"]
[White "Ivanov, Igor V"]
[Black "McCambridge, Vincent"]
[Result "1/2-1/2"]
[WhiteElo "2550"]
[BlackElo "2465"]
[PlyCount "27"]
[GameId "1114898527506432"]
[EventDate "1984.02.??"]
[EventType "tourn"]
[EventRounds "11"]
[EventCountry "USA"]
[EventCategory "6"]
[SourceTitle "EXT 2012"]
[Source "ChessBase"]
[SourceDate "2011.11.24"]
[SourceVersion "1"]
[SourceVersionDate "2011.11.24"]
[SourceQuality "1"]

1. Nf3 c5 2. c4 Nf6 3. g3 Nc6 4. Bg2 d5 5. cxd5 Nxd5 6. O-O g6 7. Nc3 Bg7 8. Nxd5 Qxd5 9. d3 O-O 10. Be3 Bd7 11. Nd4 Qd6 12. Nxc6 Bxc6 13. Bxc6 Qxc6 14. Rc1 1/2-1/2